[Event "Stay Safe Play From Home 358"]
[Site "Emanuel Lasker Arena"]
[Date "2020.08.05"]
[Round "1"]
[White "Tran Minh Thang"]
[Black "SelamiSahin"]
[Result "1-0"]
[WhiteElo "2524"]
[BlackElo "2144"]
[Annotator "TA"]
[PlyCount "31"]
[EventDate "2020.08.05"]
[EventType "swiss (blitz)"]

{[%evp 9,31,39,29,10,7,12,8,-5,52,0,77,75,94,100,115,48,57,14,70,47,314,314,327,311]} 1. d4 c6 2. Bf4 d5 3. e3 Bf5 4. Nd2 Nd7 5. c4 e6 6. Qb3 {D00: 1 d4 d5: Unusual lines.} Qb6 7. Ngf3 Qxb3 8. axb3 {[%cal Ba2b3,Bb3b4][%mdl 32] The position is equal.} h6 (8... Bb4 $11) 9. h3 (9. c5 $14) 9... Ngf6 (9... Bb4 $11) 10. c5 $16 Ne4 11. b4 Nxd2 12. Nxd2 {[#]} ({Better is} 12. Kxd2 $16 f6 13. b5) 12... Be7 $146 ({Predecessor:} 12... g5 13. Bh2 Bg7 14. Nb3 e5 15. Kd2 O-O 16. b5 cxb5 17. Bxb5 Nb8 18. Bxe5 Bxe5 19. dxe5 {1-0 (43) Kononov,V (2057)-Nurymov,B (1849) Chiavenna 2019}) 13. b5 O-O (13... e5 $11 14. g4 Bh7 15. Bxe5 Nxe5 16. dxe5 Bxc5) 14. b4 Rfc8 $2 {[%mdl 8192] [#]} (14... e5 $1 $14 15. dxe5 f6) 15. bxc6 $18 Rxc6 16. Bb5 {Accuracy: White = 70%, Black = 49%.} 1-0

[Event "Stay Safe Play From Home 358"]
[Site "Emanuel Lasker Arena"]
[Date "2020.08.05"]
[Round "1"]
[White "AChessPlayer"]
[Black "NTBT_DHS"]
[Result "0-1"]
[WhiteElo "2404"]
[BlackElo "2600"]
[Annotator "TA"]
[PlyCount "114"]
[EventDate "2020.08.05"]
[EventType "swiss (blitz)"]

{[%evp 10,113,12,-2,3,-182,0,-16,0,-10,23,22,29,33,31,22,45,44,68,9,43,50,75,44,40,-11,245,259,483,496,473,247,252,237,245,154,257,139,257,97,201,89,116,0,49,23,70,0,11,0,75,0,20,0,0,0,30,39,61,0,0,0,0,0,99,-44,0,0,7,0,0,0,64,64,64,0,6,11,80,174,307,-488,0,-1188,-1186,-1177,-1092,-1147,-1065,-29985,-29986,-29984,-1474,-29993,-29993,-29993,-29994,-29994,-29995,-29995,-29996,-29996,-29996,-29997,-29997,-29999]} 1. Nf3 g6 2. g3 Bg7 3. Bg2 Nf6 4. O-O O-O 5. d3 d6 6. Nbd2 Nc6 {A05: Réti Opening: 1 Nf3 Nf6.} 7. b3 $2 (7. e4 $11) 7... e5 $2 (7... Nd5 $19 8. Rb1 Nc3 {[%mdl 64] Double Attack}) 8. Bb2 a5 {[%cal Ba7a5,Ba5a4][%mdl 32] The position is equal.} 9. a3 {[#]} a4 $146 ({Predecessor:} 9... Nh5 10. e4 h6 11. Nc4 Be6 12. Ne3 Qc8 13. c4 Bh3 14. Nd5 Bxg2 15. Kxg2 f5 {0-1 (34) Checa Martinez,E (2138)-Torres Sanchez,J (2283) Mislata 2005}) 10. b4 Be6 11. c4 Re8 12. Ng5 Bc8 13. e3 h6 14. Ngf3 (14. Nge4 $14) 14... Nh7 15. Qc2 f5 16. Nh4 Nf8 17. d4 (17. Bd5+ $14 Be6 18. Rfe1) 17... g5 $2 {[%mdl 8192]} (17... e4 $11 {and Black is okay.}) 18. Nxf5 $18 Qf6 $2 (18... Bxf5 19. Qxf5 exd4) 19. Nxg7 Qxg7 20. Bxc6 (20. dxe5 $142 dxe5 21. b5) 20... bxc6 21. dxe5 dxe5 22. c5 Ng6 (22... Qg6 $16 23. e4 Bh3) 23. Nc4 (23. f4 $1 $18) 23... Bh3 (23... Qf7 $16 {keeps fighting.} 24. Na5 Bh3) 24. Rfd1 $2 (24. f4 $1 $18) 24... Qf6 (24... Qf7 $16) 25. Qe2 (25. f4 $1 $18) 25... Qe6 26. Rac1 (26. e4 $16) 26... Rf8 27. Rd2 Bg4 28. Qf1 (28. Qd3 $14) 28... Bh3 29. Qe2 (29. Qd3 $11) 29... Bg4 $16 30. Qf1 (30. Qd3 $16) 30... Bf3 31. Rd3 Be4 {Threatens to win with ...Qf5.} 32. Rdd1 Bd5 (32... Bf3 {feels hotter.} 33. Rd3) 33. Nd2 e4 34. Nc4 (34. Qe2 $14) 34... Rf7 $11 35. Na5 Raf8 36. Rd2 h5 (36... Rf3 $11) 37. Qe2 (37. b5 $1 $16) 37... Qh3 {[%mdl 1024] Black has compensation.} 38. Qf1 Qg4 39. Qg2 h4 40. h3 $1 {[%cal Rh3g4]} Qf5 (40... Qe6 $1 $11) 41. g4 $14 Qe6 42. Bd4 (42. Rcd1 $14) 42... Rf3 43. Rcd1 Nf4 (43... Ne5 $11 {keeps the balance.}) 44. exf4 $16 e3 (44... gxf4 $142 45. Bb2 Re8) 45. Bxe3 $4 {[%mdl 8192]} (45. f5 $18 {is the narrow road to win.} Qe8 46. Re2 (46. fxe3 $2 Rg3 $19 {[%mdl 64] Pin}) 46... Rxf2 47. Qxd5+ (47. Rxf2 Bxg2 48. Rxg2 Qe4 $19) 47... cxd5 48. Rxe3) 45... Rxe3 $2 ({Better is} 45... Rg3 $1 $19 {[%cal Rg3g2]} 46. Rxd5 (46. fxg3 $2 Bxg2 47. Kxg2 Qxe3 $19) 46... Rxg2+ 47. Kxg2 cxd5) 46. fxe3 $4 {[%mdl 8192]} (46. Rxd5 $11 Re1+ 47. Kh2 cxd5 48. Rxe1 (48. Rxd5 Rxf4 49. Rxg5+ Kf8 $17) (48. Qxd5 $2 Qxd5 49. Rxd5 Rxf4 $19) 48... Qxe1 49. Qxd5+ {[%mdl 64] Double Attack} Kh7 50. Qd7+ (50. Qd3+ Kh8 $11) 50... Kh8 51. Qd4+ Kh7 52. f5) 46... Bxg2 $19 47. Kxg2 Qe4+ 48. Kh2 Qxe3 49. Rg2 Qxf4+ 50. Kh1 {[#]} Qe3 (50... Qe4 $142 $1 51. Kg1 Qe3+ 52. Kh1 Qxh3+ 53. Kg1 Qxa3 54. Nxc6 Qe3+ 55. Kh1 {[#]} Qf3 $1 {[%mdl 512]} 56. Ne7+ Kh7 57. Rdd2 h3 {[%mdl 64] Pin} 58. Nf5 hxg2+ 59. Rxg2 Kg6 60. Kg1 Qd1+ 61. Kf2 a3 62. Rh2 Qxg4 {[%mdl 64] Double Attack} 63. Ke1 Rxf5 64. b5 Qg3+ 65. Ke2 Qf3+ 66. Kd2 Rd5+ 67. Kc2 Qd3+ {[%mdl 64] Double Attack} 68. Kc1 Qd1#) 51. Rdg1 Qxh3+ {Black mates.} 52. Rh2 Qf3+ 53. Rhg2 h3 {[%mdl 64] Pin} 54. Kh2 hxg2 55. Rxg2 Rf7 56. Kg1 Qe3+ 57. Kh2 Rh7# {Accuracy: White = 46%, Black = 49%.} 0-1

[Event "Stay Safe Play From Home 358"]
[Site "Emanuel Lasker Arena"]
[Date "2020.08.05"]
[Round "1"]
[White "Tolka"]
[Black "TheCHESSHOUSE"]
[Result "1-0"]
[WhiteElo "2292"]
[BlackElo "2090"]
[Annotator "TA"]
[PlyCount "57"]
[EventDate "2020.08.05"]
[EventType "swiss (blitz)"]

{[%evp 16,56,21,17,45,14,22,0,31,-9,23,0,91,61,213,189,243,190,322,306,300,104,110,29,159,65,81,77,96,95,96,95,89,90,118,112,154,150,29997,29998,29998,29999,29999]} 1. e4 c5 2. Nc3 d6 3. f4 Nc6 4. Nf3 Nf6 5. Bb5 g6 6. Bxc6+ bxc6 7. d3 Bg7 8. O-O O-O 9. Qe1 Ba6 {B23: Closed Sicilian: Lines without g3.} 10. Qh4 e6 {[#]} 11. e5 $146 ({Predecessor:} 11. f5 exf5 12. exf5 Rb8 13. Rb1 c4 14. dxc4 d5 15. Ne5 Ne4 16. Qxd8 Rfxd8 17. Nxe4 Bxe5 {0-1 (26) Nesse,D (1602)-Slivka,D (1524) Prague 2016}) 11... Nd5 {The position is equal.} 12. Qxd8 Raxd8 (12... Rfxd8 {feels hotter.} 13. Bd2 c4 14. dxc4 Bxc4 15. Rfe1 Nxc3 16. Bxc3 Bd5) 13. Ne4 dxe5 (13... Nb4 $11 {keeps the balance.} 14. Ne1 dxe5 15. Nxc5 Rd5 16. Nxa6 Nxa6) 14. Nxc5 $16 Nc7 $2 {[#]} (14... e4 $1 $14) 15. fxe5 $18 Rd5 (15... Ra8 $142 16. b3 f5) 16. Ne4 Bxe5 (16... c5 $142 17. b3 Bb7) 17. Nxe5 Rxe5 18. Bf4 $2 (18. Nf6+ $18 {and White stays clearly on top.} Kg7 19. Nd7 {[%mdl 64] Decoy}) 18... Rxe4 $16 19. Bxc7 (19. dxe4 $16 Bxf1 20. Rxf1) 19... Rb4 (19... Re2 $11) 20. b3 (20. Bd6 $16 Rxb2 21. Bxf8 Kxf8 22. Rfc1) 20... Rb7 21. Be5 Rd7 22. Rae1 c5 23. Re3 Bb7 24. Rf4 a6 25. Bf6 Rc8 26. Rh3 {Intending Rxh7! and mate.} e5 $2 {[#]} (26... Rd5 $16) 27. Rxh7 $1 {[%mdl 576] Back Rank. White mates.} Kxh7 28. Rh4+ Kg8 29. Rh8# {Accuracy: White = 51%, Black = 26%.} 1-0

[Event "Stay Safe Play From Home 358"]
[Site "Emanuel Lasker Arena"]
[Date "2020.08.05"]
[Round "1"]
[White "Little champs"]
[Black "Trotsky"]
[Result "1-0"]
[WhiteElo "2178"]
[BlackElo "1661"]
[Annotator "TA"]
[PlyCount "31"]
[EventDate "2020.08.05"]
[EventType "swiss (blitz)"]

{[%evp 13,31,0,12,0,11,11,24,21,55,56,66,76,51,37,85,51,89,66,110,48]} 1. e4 c5 2. Nf3 Nc6 3. d4 cxd4 4. Nxd4 Nf6 5. Nxc6 bxc6 6. Nc3 e6 7. Bd3 d6 8. Qe2 {B80: Sicilian Scheveningen: 6 g3 and 6 Be3, including English Attack.} Qc7 9. O-O {[#]} Bb7 $146 ({Predecessor:} 9... g6 10. Bd2 Bg7 11. b4 Nd7 12. Rab1 O-O 13. a4 Bb7 14. a5 Rad8 15. Ba6 Bxa6 16. Qxa6 {0-1 (40) Pachow,J (2297)-Hansen,C (2613) Germany 2001}) 10. f4 {White has an edge.} Rd8 11. e5 dxe5 12. fxe5 Nd5 13. Nxd5 cxd5 14. Bf4 Be7 15. Kh1 Kf8 16. Rad1 {Accuracy: White = 78%, Black = 47%.} (16. Bd2 $16) 1-0

[Event "Stay Safe Play From Home 358"]
[Site "Emanuel Lasker Arena"]
[Date "2020.08.05"]
[Round "1"]
[White "Stefanone"]
[Black "Gokerkan"]
[Result "0-1"]
[WhiteElo "1942"]
[BlackElo "2596"]
[Annotator "TA"]
[PlyCount "42"]
[EventDate "2020.08.05"]
[EventType "swiss (blitz)"]

{[%evp 9,42,10,0,-35,-26,-31,-27,-35,-43,-154,-101,-96,-92,-165,-162,-271,-292,-381,-370,-385,-398,-464,-272,-494,-474,-479,-452,-442,-447,-458,-457,-442,-452,-818,-812]} 1. d3 g6 2. e3 c5 3. d4 {[#]} cxd4 $146 ({Predecessor:} 3... Bg7 4. dxc5 Qa5+ 5. c3 Qxc5 6. e4 Nf6 7. Be3 Qc7 8. Na3 Nxe4 9. Nb5 Qd8 {1-0 (17) Ipekyilmaz,E (1686)-Harman,K (1594) ICCF email 2018}) 4. exd4 Nf6 5. c3 Bg7 6. f4 {A00: Irregular Openings.} d6 7. Nf3 O-O 8. Bd3 {Black has an edge.} Nc6 9. Qe2 {[#]} (9. Be2 $1 $15) 9... Bg4 (9... e5 $142 $1 {[%cal Re5e4][%mdl 512] Strongly threatening ...e4!} 10. fxe5 (10. dxe5 Re8) 10... dxe5 11. dxe5 Re8) 10. O-O $17 {[#]} e5 $1 {[%cal Re5e4][%mdl 512] And now ...e4! would win.} 11. Nbd2 (11. h3 $17 {is a better defense.} Bxf3 12. Qxf3) (11. dxe5 dxe5) 11... exd4 $19 ({Don't play} 11... exf4 12. Ne4 $17) 12. c4 (12. h3 $142) 12... Re8 13. Qf2 Nb4 14. Bb1 d3 15. h3 Bxf3 (15... Re2 $142 16. Qh4 Bxf3 17. Nxf3 Qb6+ 18. Kh2 Nc2 19. Bxc2 dxc2) 16. Nxf3 $2 (16. Qxf3 d5 17. a3) 16... Ne4 {Black is clearly winning.} 17. Qe1 Nc2 18. Bxc2 dxc2 19. Qb4 Qb6+ 20. Qxb6 axb6 21. Be3 (21. Kh2 $142 Rec8 22. a4) 21... Bxb2 {Accuracy: White = 32%, Black = 78%.} 0-1

[Event "Stay Safe Play From Home 358"]
[Site "Emanuel Lasker Arena"]
[Date "2020.08.05"]
[Round "1"]
[White "Greblha"]
[Black "Dreamsoldier"]
[Result "1-0"]
[WhiteElo "1940"]
[BlackElo "1283"]
[Annotator "TA"]
[PlyCount "67"]
[EventDate "2020.08.05"]
[EventType "swiss (blitz)"]

{[%evp 9,67,18,29,6,34,0,6,12,4,-9,0,-13,35,0,0,-18,-12,-25,10,0,0,-11,0,0,4,-41,0,0,0,-61,-63,-71,-55,-68,-32,-66,-45,-45,-45,-57,-54,-59,-6,-70,-68,-58,-73,-64,553,456,685,680,648,427,986,462,29997,787,736,703]} 1. e4 Nf6 2. e5 Nd5 3. d4 d6 4. exd6 cxd6 5. c3 Nf6 6. Bc4 {B03: Alekhine's Defence: Four Pawns Attack.} g6 {[#]} 7. Ne2 $146 ({Predecessor:} 7. Bg5 Bg7 8. Qc1 h6 9. Bd2 Nc6 10. Ne2 d5 11. Bd3 e5 12. O-O Qb6 13. Re1 {0-1 (31) Dolansky,L (2102)-Miesbauer,J (2321) Klatovy 2016}) 7... Nc6 8. O-O {The position is equal.} Bg7 9. Ng3 O-O 10. Bg5 Bg4 11. f3 Bd7 12. Nd2 Qc7 13. Nde4 a6 14. Nxf6+ exf6 15. Bf4 b5 16. Bb3 {And now Ne4 would win.} Na5 17. Bc2 Nc4 18. b3 Nb6 19. Qd2 ({White should play} 19. Ne4 $11 Nc8 20. g4) 19... Nd5 $15 20. Ne2 Nxf4 21. Nxf4 Bc6 22. Bd3 d5 23. Rac1 Rac8 24. Ne2 h5 25. Rc2 Kh7 ({Better is} 25... Rfe8 $15) 26. Qe1 (26. f4 $11) 26... Bh6 27. Qg3 Be3+ 28. Kh1 Bf4 $2 {[%mdl 8192] This costs Black the game.} (28... Qxg3 $15 {stays ahead.} 29. Nxg3 Kg7) 29. Qxf4 Qe7 (29... Qxf4 $142 30. Nxf4 Kh6) 30. Ng3 $18 {Threatens to win with Nf5!} Kg7 31. Re2 Qd7 {[#]} (31... Qc7 $142 32. Qh4 Rh8) 32. Rfe1 (32. Nf5+ $142 $1 gxf5 33. g4 $1 {[%mdl 512]}) 32... g5 {[#]} (32... Rce8 $18 33. Rxe8 Rxe8) 33. Qf5 (33. Qxf6+ $142 $1 {[%mdl 512]} Kg8 (33... Kxf6 34. Nxh5#) 34. Nxh5 g4 35. Qg7#) 33... Qxf5 34. Nxf5+ {Accuracy: White = 59%, Black = 53%.} 1-0

[Event "Stay Safe Play From Home 358"]
[Site "Emanuel Lasker Arena"]
[Date "2020.08.05"]
[Round "1"]
[White "Edmatuag"]
[Black "BrainThinker22"]
[Result "0-1"]
[WhiteElo "1677"]
[BlackElo "2408"]
[Annotator "NA RC"]
[PlyCount "32"]
[EventDate "2020.08.05"]
[EventType "swiss (blitz)"]

1. e4 {[%emt 0:00:01]} c6 {[%emt 0:00:01]} 2. d4 {[%emt 0:00:01]} d5 {[%emt 0:00:00]} 3. exd5 {[%emt 0:00:03]} cxd5 {[%emt 0:00:00]} 4. c4 {[%emt 0:00:00]} e6 {[%emt 0:00:01]} 5. cxd5 {[%emt 0:00:01]} exd5 {[%emt 0:00:00]} 6. Nc3 {[%emt 0:00:01]} Nf6 {[%emt 0:00:00]} 7. Bd3 {[%emt 0:00:01]} Nc6 {[%emt 0:00:01]} 8. Nf3 {[%emt 0:00:01]} Be7 {[%emt 0:00:00]} 9. Be3 {[%emt 0:00:01]} O-O {[%emt 0:00:00]} 10. O-O {[%emt 0:00:00]} Re8 {[%emt 0:00:00]} 11. h3 {[%emt 0:00:00]} h6 {[%emt 0:00:01]} 12. Re1 {[%emt 0:00:01]} Bd6 {[%emt 0:00:01]} 13. Qd2 {[%emt 0:00:00]} Ne4 {[%emt 0:00:05]} 14. a3 {[%emt 0:00:00]} Nxd2 {[%emt 0:00:01]} 15. Bxd2 {[%emt 0:00:02]} Rxe1+ {[%emt 0:00:03]} 16. Rxe1 {[%emt 0:00:00]} Be6 {[%emt 0:00:01] Edmatuag resigns (Lag: Av=0.56s, max=0.8s)} 0-1

[Event "Stay Safe Play From Home 358"]
[Site "Emanuel Lasker Arena"]
[Date "2020.08.05"]
[Round "1"]
[White "Gaurav306"]
[Black "Uber_WING"]
[Result "0-1"]
[WhiteElo "1664"]
[BlackElo "2301"]
[Annotator "NA RC"]
[PlyCount "128"]
[EventDate "2020.08.05"]
[EventType "swiss (blitz)"]

1. e4 {[%emt 0:00:02]} d5 {[%emt 0:00:01]} 2. exd5 {[%emt 0:00:02]} Qxd5 {[%emt 0:00:00]} 3. Nc3 {[%emt 0:00:02]} Qd6 {[%emt 0:00:00]} 4. d4 {[%emt 0:00:01]} Nf6 {[%emt 0:00:01]} 5. Nf3 {[%emt 0:00:01]} a6 {[%emt 0:00:00]} 6. Bd3 {[%emt 0:00:01]} Nc6 {[%emt 0:00:00]} 7. Be3 {[%emt 0:00:01]} Bg4 {[%emt 0:00:01]} 8. h3 {[%emt 0:00:00]} Bh5 {[%emt 0:00:00]} 9. O-O {[%emt 0:00:02]} e6 {[%emt 0:00:01]} 10. Be2 {[%emt 0:00:03]} O-O-O {[%emt 0:00:01]} 11. Qd2 {[%emt 0:00:08]} Bxf3 {[%emt 0:00:01]} 12. Bxf3 {[%emt 0:00:00]} Nxd4 {[%emt 0:00:00]} 13. Bxd4 {[%emt 0:00:01]} Qxd4 {[%emt 0:00:00]} 14. Qg5 {[%emt 0:00:01]} Bd6 {[%emt 0:00:02]} 15. Rad1 {[%emt 0:00:02]} Qe5 {[%emt 0:00:01]} 16. Qxe5 {[%emt 0:00:02]} Bxe5 {[%emt 0:00:00]} 17. Rfe1 {[%emt 0:00:02]} Bxc3 {[%emt 0:00:03]} 18. bxc3 {[%emt 0:00:01]} Rxd1 {[%emt 0:00:00]} 19. Rxd1 {[%emt 0:00:01]} c6 {[%emt 0:00:00]} 20. Kf1 {[%emt 0:00:01]} Kc7 {[%emt 0:00:01]} 21. Ke2 {[%emt 0:00:01]} Rd8 {[%emt 0:00:01]} 22. Rd4 {[%emt 0:00:01]} Rxd4 {[%emt 0:00:01]} 23. cxd4 {[%emt 0:00:01]} Kd6 {[%emt 0:00:00]} 24. c4 {[%emt 0:00:01]} e5 {[%emt 0:00:01]} 25. Kd3 {[%emt 0:00:01]} exd4 {[%emt 0:00:01]} 26. Kxd4 {[%emt 0:00:00]} Nd7 {[%emt 0:00:00]} 27. Bg4 {[%emt 0:00:02]} Nc5 {[%emt 0:00:01]} 28. Bd1 {[%emt 0:00:01]} Ne6+ {[%emt 0:00:02]} 29. Kd3 {[%emt 0:00:01]} Kc5 {[%emt 0:00:00]} 30. Kc3 {[%emt 0:00:01]} Nf4 {[%emt 0:00:01]} 31. Bf3 {[%emt 0:00:01]} g5 {[%emt 0:00:02]} 32. Be4 {[%emt 0:00:03]} h6 {[%emt 0:00:01]} 33. Bf3 {[%emt 0:00:01]} Ne6 {[%emt 0:00:01]} 34. Bg4 {[%emt 0:00:01]} Nd4 {[%emt 0:00:01]} 35. Be2 {[%emt 0:00:01]} Nxe2+ {[%emt 0:00:02]} 36. Kd2 {[%emt 0:00:00]} Nf4 {[%emt 0:00:00]} 37. Ke3 {[%emt 0:00:00]} Nxg2+ {[%emt 0:00:01]} 38. Kf3 {[%emt 0:00:00]} Nf4 {[%emt 0:00:00]} 39. Kg4 {[%emt 0:00:01]} Kxc4 {[%emt 0:00:00]} 40. h4 {[%emt 0:00:00]} gxh4 {[%emt 0:00:01]} 41. Kxf4 {[%emt 0:00:01]} b5 {[%emt 0:00:00]} 42. Kg4 {[%emt 0:00:01]} b4 {[%emt 0:00:00]} 43. Kxh4 {[%emt 0:00:00]} a5 {[%emt 0:00:01]} 44. Kh5 {[%emt 0:00:00]} a4 {[%emt 0:00:00]} 45. Kxh6 {[%emt 0:00:00]} b3 {[%emt 0:00:00]} 46. Kg5 {[%emt 0:00:00]} bxa2 {[%emt 0:00:01]} 47. Kf6 {[%emt 0:00:01]} a1=Q+ {[%emt 0:00:00]} 48. Kxf7 {[%emt 0:00:00]} Qf1 {[%emt 0:00:00]} 49. Ke6 {[%emt 0:00:00]} Qxf2 {[%emt 0:00:01]} 50. Kd6 {[%emt 0:00:00]} c5 {[%emt 0:00:01]} 51. Kc6 {[%emt 0:00:00]} Qb2 {[%emt 0:00:01]} 52. Kd6 {[%emt 0:00:01]} Kd4 {[%emt 0:00:01]} 53. Kc7 {[%emt 0:00:00]} c4 {[%emt 0:00:00]} 54. Kc6 {[%emt 0:00:00]} c3 {[%emt 0:00:00]} 55. Kd7 {[%emt 0:00:00]} c2 {[%emt 0:00:00]} 56. Ke6 {[%emt 0:00:00]} a3 {[%emt 0:00:00]} 57. Kf7 {[%emt 0:00:00]} a2 {[%emt 0:00:00]} 58. Kg8 {[%emt 0:00:00]} Kd3 {[%emt 0:00:00]} 59. Kh7 {[%emt 0:00:00]} Qc1 {[%emt 0:00:00]} 60. Kg6 {[%emt 0:00:00]} Qf1 {[%emt 0:00:01]} 61. Kh5 {[%emt 0:00:02] . . . . .} Qg2 {[%emt 0:00:01]} 62. Kh4 {[%emt 0:00:00]} Ke4 {[%emt 0:00:00]} 63. Kh5 {[%emt 0:00:00]} Kf5 {[%emt 0:00:01]} 64. Kh6 {[%emt 0:00:00]} Qg6# {[%emt 0:00:01] Mate Mate Mate Mate Mate (Lag: Av=0.71s, max=1.8s) (Lag: Av=0.71s, max=1.8s) (Lag: Av=0.71s, max=1.8s) (Lag: Av=0.71s, max=1.8s) (Lag: Av=0.71s, max=1.8s)} 0-1

[Event "Stay Safe Play From Home 358"]
[Site "Emanuel Lasker Arena"]
[Date "2020.08.05"]
[Round "1"]
[White "Ao017545"]
[Black "SoulofWolf"]
[Result "0-1"]
[WhiteElo "1483"]
[BlackElo "2179"]
[Annotator "NA RC"]
[PlyCount "68"]
[EventDate "2020.08.05"]
[EventType "swiss (blitz)"]

1. e4 {[%emt 0:00:01]} d6 {[%emt 0:00:00]} 2. Nf3 {[%emt 0:00:01]} c5 {[%emt 0:00:00]} 3. Nc3 {[%emt 0:00:01]} Nc6 {[%emt 0:00:01]} 4. Bc4 {[%emt 0:00:00]} g6 {[%emt 0:00:01]} 5. e5 {[%emt 0:00:01]} dxe5 {[%emt 0:00:02]} 6. Ng5 {[%emt 0:00:00]} e6 {[%emt 0:00:00]} 7. d4 {[%emt 0:00:03]} cxd4 {[%emt 0:00:02]} 8. Qf3 {[%emt 0:00:01]} f5 {[%emt 0:00:03]} 9. Nb5 {[%emt 0:00:07]} Qe7 {[%emt 0:00:14]} 10. Bxe6 {[%emt 0:00:03]} Bxe6 {[%emt 0:00:01]} 11. Nxe6 {[%emt 0:00:01]} Rc8 {[%emt 0:00:02]} 12. Qd5 {[%emt 0:00:10]} Nf6 {[%emt 0:00:03]} 13. Qd6 {[%emt 0:00:05]} Qxd6 {[%emt 0:00:01]} 14. Nxd6+ {[%emt 0:00:03]} Bxd6 {[%emt 0:00:01]} 15. Ng7+ {[%emt 0:00:02]} Kf7 {[%emt 0:00:02]} 16. Bh6 {[%emt 0:00:00]} Ng4 {[%emt 0:00:02]} 17. O-O {[%emt 0:00:01]} Nxh6 {[%emt 0:00:01]} 18. f4 {[%emt 0:00:01]} e4 {[%emt 0:00:01]} 19. Rad1 {[%emt 0:00:01]} Kxg7 {[%emt 0:00:03]} 20. c3 {[%emt 0:00:01]} Bc5 {[%emt 0:00:02]} 21. cxd4 {[%emt 0:00:00]} Nxd4 {[%emt 0:00:01]} 22. Kh1 {[%emt 0:00:01]} Ng4 {[%emt 0:00:01]} 23. b4 {[%emt 0:00:01]} Bb6 {[%emt 0:00:01]} 24. h3 {[%emt 0:00:03]} Ne3 {[%emt 0:00:01]} 25. Rc1 {[%emt 0:00:03]} Nxf1 {[%emt 0:00:02]} 26. Rxf1 {[%emt 0:00:00]} Rc2 {[%emt 0:00:02]} 27. Kh2 {[%emt 0:00:00]} Rhc8 {[%emt 0:00:03]} 28. Rg1 {[%emt 0:00:00]} Rxa2 {[%emt 0:00:00]} 29. h4 {[%emt 0:00:01]} Rcc2 {[%emt 0:00:00]} 30. h5 {[%emt 0:00:01]} Nf3+ {[%emt 0:00:00]} 31. Kh3 {[%emt 0:00:04]} Nxg1+ {[%emt 0:00:00]} 32. Kh4 {[%emt 0:00:01]} Rxg2 {[%emt 0:00:01]} 33. h6+ {[%emt 0:00:01]} Kf7 {[%emt 0:00:04]} 34. b5 {[%emt 0:00:00]} Rh2+ {[%emt 0:00:00]} 0-1

[Event "Stay Safe Play From Home 358"]
[Site "Emanuel Lasker Arena"]
[Date "2020.08.05"]
[Round "1"]
[White "Sky5zeroes"]
[Black "Lamborghini"]
[Result "0-1"]
[WhiteElo "1429"]
[BlackElo "2297"]
[Annotator "TA"]
[PlyCount "28"]
[EventDate "2020.08.05"]
[EventType "swiss (blitz)"]

{[%evp 16,28,29,-20,-18,-31,-36,-45,-22,-59,-43,-43,-57,-297,-294]} 1. e4 c5 2. Nf3 d6 3. Bb5+ Bd7 4. Bxd7+ Nxd7 5. O-O Ngf6 6. Re1 e6 7. d4 cxd4 8. Nxd4 Be7 9. Nc3 O-O {B52: Sicilian: Moscow Variation with 3...Bd7.} 10. Be3 a6 11. a4 Qc7 {[#]} 12. Qd2 $146 ({Predecessor:} 12. f3 Rac8 13. a5 Ne5 14. Nb3 Nc4 15. Bc1 Rfd8 16. Qe2 Nd7 17. Nd1 Bf6 18. c3 {0-1 (34) Vecchia,M (2058)-Aleksic,N (2396) Lodi 2005}) 12... Rfc8 13. Rac1 Ne5 {Hoping for ...Nc4.} 14. Bf4 $2 {[#]} (14. Rb1 $15) 14... Nc4 $1 {[%csl LRb2,LRd2] White got outplayed after the opening. Accuracy: White = 46%, Black = 100%.} 0-1

[Event "Stay Safe Play From Home 358"]
[Site "Emanuel Lasker Arena"]
[Date "2020.08.05"]
[Round "2"]
[White "NTBT_DHS"]
[Black "BrainThinker22"]
[Result "1-0"]
[WhiteElo "2608"]
[BlackElo "2408"]
[Annotator "NA RC"]
[PlyCount "57"]
[EventDate "2020.08.05"]
[EventType "swiss (blitz)"]

1. e4 {[%emt 0:00:01]} c6 {[%emt 0:00:01]} 2. Nf3 {[%emt 0:00:00]} d5 {[%emt 0:00:00]} 3. e5 {[%emt 0:00:00]} Bf5 {[%emt 0:00:01]} 4. d4 {[%emt 0:00:00]} e6 {[%emt 0:00:00]} 5. Bd3 {[%emt 0:00:00]} Bxd3 {[%emt 0:00:01]} 6. Qxd3 {[%emt 0:00:00]} c5 {[%emt 0:00:00]} 7. O-O {[%emt 0:00:01]} Qb6 {[%emt 0:00:01]} 8. Nc3 {[%emt 0:00:01]} c4 {[%emt 0:00:02]} 9. Qe2 {[%emt 0:00:01]} Nc6 {[%emt 0:00:01]} 10. b3 {[%emt 0:00:01]} cxb3 {[%emt 0:00:02]} 11. cxb3 {[%emt 0:00:01]} Bb4 {[%emt 0:00:00]} 12. Na4 {[%emt 0:00:01]} Qc7 {[%emt 0:00:01]} 13. Bd2 {[%emt 0:00:01]} Bxd2 {[%emt 0:00:02]} 14. Qxd2 {[%emt 0:00:00]} Nge7 {[%emt 0:00:01]} 15. Rfc1 {[%emt 0:00:01]} O-O {[%emt 0:00:01]} 16. b4 {[%emt 0:00:00]} a6 {[%emt 0:00:01]} 17. Nc5 {[%emt 0:00:00]} Ng6 {[%emt 0:00:04]} 18. a4 {[%emt 0:00:01]} Qe7 {[%emt 0:00:01]} 19. b5 {[%emt 0:00:02]} axb5 {[%emt 0:00:00]} 20. axb5 {[%emt 0:00:00]} Na7 {[%emt 0:00:03]} 21. Qa5 {[%emt 0:00:05]} Nc6 {[%emt 0:00:15]} 22. Qxa8 {[%emt 0:00:02]} Rxa8 {[%emt 0:00:00]} 23. Rxa8+ {[%emt 0:00:00]} Nd8 {[%emt 0:00:01]} 24. Nxb7 {[%emt 0:00:01]} Qxb7 {[%emt 0:00:00]} 25. Rxd8+ {[%emt 0:00:00]} Nf8 {[%emt 0:00:00]} 26. Rcc8 {[%emt 0:00:00]} h6 {[%emt 0:00:02]} 27. Rxf8+ {[%emt 0:00:01]} Kh7 {[%emt 0:00:00]} 28. Nh4 {[%emt 0:00:00]} Qxb5 {[%emt 0:00:01]} 29. Rh8# {[%emt 0:00:01] (Lag: Av=0.69s, max=0.9s) (Lag: Av=0.69s, max=0.9s) (Lag: Av=0.69s, max=0.9s) (Lag: Av=0.69s, max=0.9s) (Lag: Av=0.69s, max=0.9s)} 1-0